Catálogo

Ten un poco de fe / (Registro nro. 25659)

Detalles MARC
000 -LEADER
fixed length control field 01313cam a2200373 i 4500
001 - CONTROL NUMBER
control field 25659
003 - CONTROL NUMBER IDENTIFIER
control field Mx-PuUPA
005 - DATE AND TIME OF LATEST TRANSACTION
control field 20251016132741.0
008 - FIXED-LENGTH DATA ELEMENTS--GENERAL INFORMATION
fixed length control field 140415s2010 mx gr 000 0 spa d
020 ## - INTERNATIONAL STANDARD BOOK NUMBER
International Standard Book Number 9786074002843
040 ## - CATALOGING SOURCE
Original cataloging agency Mx-PuUPA
Language of cataloging spa
Transcribing agency Mx-PuUPA
Modifying agency Mx-PuUPA
Description conventions rda
041 1# - LANGUAGE CODE
Language code of text/sound track or separate title spa
Language code of original eng
100 1# - MAIN ENTRY--PERSONAL NAME
9 (RLIN) 14079
Personal name Albom, Mitch,
Dates associated with a name 1958-
Relator term autor
240 1# - UNIFORM TITLE
Uniform title Have a little faith.
Language of a work Español
245 10 - TITLE STATEMENT
Title Ten un poco de fe /
Statement of responsibility, etc. Mitch Albom ; traducción, Montse Batista
250 ## - EDITION STATEMENT
Edition statement Primera edición
264 #1 - PRODUCTION, PUBLICATION, DISTRIBUTION, MANUFACTURE, AND COPYRIGHT NOTICE
Place of production, publication, distribution, manufacture México, D. F. :
Name of producer, publisher, distributor, manufacturer Editorial Océano de México,
Date of production, publication, distribution, manufacture, or copyright notice ©2010
300 ## - PHYSICAL DESCRIPTION
Extent 254 páginas ;
Dimensions 23 cm
336 ## - CONTENT TYPE
Fuente rdacontent
Content type term texto
Content type code txt
337 ## - MEDIA TYPE
Source rdamedia
Media type term sin medio
Media type code n
338 ## - CARRIER TYPE
Source rdacarrier
Carrier type term volumen
Carrier type code nc
500 ## - GENERAL NOTE
General note "Una emotiva historia sobre lo más profundo de nuestros valores y creencias". -- Cubierta
600 14 - SUBJECT ADDED ENTRY--PERSONAL NAME
Personal name Albom, Mitch,
Dates associated with a name 1958
General subdivision Religión
600 14 - SUBJECT ADDED ENTRY--PERSONAL NAME
Personal name Lewis, Albert L.,
650 #7 - SUBJECT ADDED ENTRY--TOPICAL TERM
9 (RLIN) 13986
Source of heading or term armarc
Topical term or geographic name entry element Fe (Judaísmo)
650 #7 - SUBJECT ADDED ENTRY--TOPICAL TERM
Source of heading or term armarc
Topical term or geographic name entry element Fe
700 1# - ADDED ENTRY--PERSONAL NAME
Personal name Batista, Montse,
Relator term traductor
765 0# - ORIGINAL LANGUAGE ENTRY
Main entry heading Albom, Mitch, 1958-
Title Have a little faith.
942 ## - ADDED ENTRY ELEMENTS (KOHA)
Source of classification or shelving scheme Dewey Decimal Classification
Koha item type Libro
Classification part 296.7
Item part A3218
Existencias
Withdrawn status Lost status Source of classification or shelving scheme Damaged status Not for loan Collection code Home library Current library Shelving location Date acquired Source of acquisition Total Checkouts Full call number Barcode Date last seen Price effective from Koha item type
    Dewey Decimal Classification     General Biblioteca Karol Wojtyla Biblioteca Karol Wojtyla Sala general 03/12/2013 Donación   296.7 A3218 2010 47757 05/01/2026 03/12/2013 Libro